Hinduistische Länder - Statistiken

Allgemein
  • Dieses Quiz wurde 34 mal gespielt
  • Das Durchschnittsergebnis liegt bei 6 aus 12
Antwortstatistiken
% Kontinent Antwort % Korrekt
79.8 Asien Indien
100%
81.3 Asien Nepal
94%
23.8 Asien Bhutan
77%
12.6 Asien Sri Lanka
77%
27.9 Ozeanien Fidschi
48%
50.6 Afrika Mauritius
42%
24.9 Amerika Suriname
32%
24.9 Amerika Guyana
26%
15.1 Asien Katar
19%
12.5 Asien Vereinigte Arabische Emirate
19%
12.0 Asien Kuwait
16%
18.2 Amerika Trinidad und Tobago
16%
Keine übereinstimmenden Quizze gefunden
Verteilung der Resultate
Anzahl Personen mit jedem Resultat
Perzentil nach korrekt beantworteten Fragen
Ihre Resultats-Entwicklung
Sie haben dieses Quiz noch nicht gespielt